000 00352nam a2200145Ia 4500
008 150201s2005 xx 000 0 und d
082 _a612.015
_bB05H
100 _aHAMES,DAVID
245 _aINSTANT NOTES BIOCHEMISTRY
250 _a3RD
260 _bTAYLOR & FRANCIS
_aNEW YORK
_c2005
300 _a1-438
650 _aBIOCHEMISTRY
942 _2ddc
_cBK
_08
999 _c443
_d443